00756nam a2200193 i 450000100060000000300090000600500170001500700030003200800410003510000230007624501420009926000730024130000220031470000300033670000270036685200320039399900170042595201200044240966ES-MaACL20230906160340.0t|030307s1943 ag ||||1| spa d1 aCarlson, R.93531210aYo nací así / cEarl R. Carlson ; [versión castellana del inglés, por Marisa Luisiardo y Elsa Trinkle ; carátula de Sánchez]. aBuenos Aires : bEdit. Médico-quirúrgica, c[1943] (fD. Junior) a214 p. ; c21 cm.1 aLuisiardo, Marisa.9747051 aTrinkle, Elsa.9111451 aES-MaACLjB-10780 bR.22066 c40966d40966 00104070aATENEOMbATENEOMcSPBd2008-01-17eSCl0oB-10780p1043131r2023-02-23 00:00:00w2023-02-23yMONOGRAFIA